000 00263nam a22001217a 4500
020 _a0-8431-1565-3
082 _a823
_bCOS/B
100 _aCOSGROVE, STEPHEN
245 _aBUTTERMILK
260 _aUSA
_bLOS ANGELS
650 _aENGLISH SHORT STORY
_zUSA
942 _cBK
999 _c3559
_d3559